| 000 | 00933cab a2200301 4500 | ||
|---|---|---|---|
| 001 | WB3126-02 | ||
| 008 | 090401t1995 xxu||||| |||| 00| 0 eng d | ||
| 035 | _a(Sirsi) u22138 | ||
| 041 | _aeng | ||
| 245 | _aOutlook for European construction | ||
| 260 | _c1995 | ||
| 350 | _a0 | ||
| 490 |
_aFinancial Times _v3 July 1995, 4(1) |
||
| 520 | _aA rise in construction output predicted for 1995 can be attributed to private sector investment to improve manufacturing and distribution facilities. "European construction trends 1995-1996" Construction Forecasting and Research £390.00. | ||
| 650 | _aCONSTRUCTION MARKET | ||
| 650 | _aDISTRIBUTION SECTOR | ||
| 650 | _aEUROPE | ||
| 650 | _aFORECASTS | ||
| 650 | _aFRANCE | ||
| 650 | _aGERMANY | ||
| 650 | _aITALY | ||
| 650 | _aMANUFACTURING SECTOR | ||
| 650 | _aOUTPUT | ||
| 650 | _aSCANDINAVIA | ||
| 690 | _aBUILT ENVIRONMENT | ||
| 942 | _n0 | ||
| 948 | _c04/03/1997 | ||
| 999 |
_c14825 _d14825 |
||